Statistics for NBA 2015-2016 Top 100 Points Leaders

Click here to take the quiz!

General Stats

  • This quiz has been taken 941 times
    (924 since last reset)
  • The average score is 47 of 100

Answer Stats

PPGPlayer% Correct
25.1LeBron James
98%
30.1Stephen Curry
97%
28.2Kevin Durant
95%
29.0James Harden
94%
23.5Russell Westbrook
93%
22.1Klay Thompson
86%
14.0Draymond Green
80%
11.7Jeff Green
80%
19.5Chris Paul
79%
23.5Anthony Davis
77%
21.2Kawhi Leonard
77%
19.0Dwyane Wade
75%
25.3DeMarcus Cousins
74%
23.1Paul George
74%
21.8Carmelo Anthony
73%
16.0Kevin Love
73%
17.6Kobe Bryant
73%
24.3Damian Lillard
72%
23.5DeMar DeRozan
70%
21.2Kyle Lowry
69%
16.5Pau Gasol
69%
12.7DeAndre Jordan
68%
22.2Isaiah Thomas
67%
18.3Karl-Anthony Towns
66%
20.9Jimmy Butler
65%
14.1Jabari Parker
64%
11.9Tony Parker
64%
18.3Dirk Nowitzki
63%
16.9Giannis Antetokounmpo
63%
19.9John Wall
63%
16.4Derrick Rose
61%
13.7Dwight Howard
60%
20.7Andrew Wiggins
59%
12.4J.R. Smith
58%
15.2Al Horford
57%
16.2Andre Drummond
56%
12.6Ish Smith
56%
20.9Kemba Walker
56%
19.7Gordon Hayward
55%
20.6Brook Lopez
54%
20.8C.J. McCollum
54%
18.0LaMarcus Aldridge
54%
14.1Deron Williams
53%
13.8Devin Booker
53%
15.3Lou Williams
53%
17.1Paul Millsap
53%
13.2D'Angelo Russell
52%
15.7Jeff Teague
48%
12.2Joe Johnson
47%
14.3Kristaps Porzingis
47%
12.6Serge Ibaka
47%
18.8Reggie Jackson
46%
16.8Jrue Holiday
45%
18.2Khris Middleton
44%
14.2Hassan Whiteside
43%
14.1Goran Dragic
42%
16.0Victor Oladipo
42%
16.3J.J. Redick
41%
18.2Nikola Vucevic
41%
11.9Rajon Rondo
40%
11.7Harrison Barnes
39%
14.0Zach LaVine
38%
12.3Gary Harris
37%
14.7Tobias Harris
37%
17.2Rudy Gay
34%
15.3Zach Randolph
34%
15.2Avery Bradley
33%
12.1George Hill
32%
15.1Thaddeus Young
32%
13.5Marcin Gortat
31%
14.2Jae Crowder
29%
14.2Jamal Crawford
29%
14.9Nicolas Batum
29%
12.7Trevor Ariza
27%
16.4Derrick Favors
26%
11.7Jeremy Lin
26%
12.8Jonas Valanciunas
26%
14.1Marcus Morris
26%
12.0Markieff Morris
26%
15.5Jordan Clarkson
25%
12.7Enes Kanter
24%
13.8Monta Ellis
24%
17.0Ryan Anderson
24%
15.4Evan Fournier
23%
12.3Luol Deng
22%
15.3Greg Monroe
21%
12.8Robert Covington
20%
13.7Chandler Parsons
19%
12.5Kenneth Faried
18%
14.5Kentavious Caldwell-Pope
18%
12.5Wesley Matthews
18%
14.0Darren Collison
14%
11.8Nikola Mirotic
14%
14.4Will Barton
14%
12.8Emmanuel Mudiay
13%
14.5Rodney Hood
13%
12.8Arron Afflalo
11%
11.8C.J. Miles
9%
11.8Omri Casspi
3%
12.2Mirza Teletovic
1%

Score Distribution

Percentile by Number Answered

Percent of People with Each Score

Your Score History

You have not taken this quiz since the last reset